[Event "Santiago de Compostela Bicapawn GP Rap"]
[Site "Santiago de Compostela"]
[Date "2022.10.22"]
[Round "8"]
[White "Komljenovic, Davorin"]
[Black "Fernandez de Bobadilla, Gabriel"]
[Result "1-0"]
[WhiteElo "2340"]
[BlackElo "2162"]
[PlyCount "49"]
[EventDate "2022.10.22"]
[EventType "swiss (rapid)"]
[EventRounds "9"]
[EventCountry "ESP"]
[SourceTitle "CBM 210 Extra"]
[Source "ChessBase"]
[SourceDate "2022.11.30"]
[SourceVersion "1"]
[SourceVersionDate "2022.11.30"]
[SourceQuality "1"]

1. Nf3 d5 2. c4 c6 3. d4 Nf6 4. Nc3 e6 5. e3 Nbd7 6. Qc2 Bd6 7. Bd3 0-0 8. 0-0 dxc4 9. Bxc4 b5 10. Bd3 Bb7 11. Rd1 Qc7 12. e4 e5 13. h3 exd4 14. Nxd4 a6 15. Bg5 h6 16. Be3 Ne5 17. Bf1 Ng6 18. Rac1 Rac8 19. Nf5 Be5 20. g3 c5 21. f4 Bxc3 22. Qxc3 Bxe4 23. Nd6 Nd5 24. Qxc5 Bf3 25. Rxd5 1-0

[Event "Santiago de Compostela Bicapawn GP Rap"]
[Site "Santiago de Compostela"]
[Date "2022.10.22"]
[Round "6"]
[White "Komljenovic, Davorin"]
[Black "Iturrizaga Bonelli, Eduardo"]
[Result "0-1"]
[WhiteElo "2340"]
[BlackElo "2629"]
[PlyCount "78"]
[EventDate "2022.10.22"]
[EventType "swiss (rapid)"]
[EventRounds "9"]
[EventCountry "ESP"]
[SourceTitle "CBM 210 Extra"]
[Source "ChessBase"]
[SourceDate "2022.11.30"]
[SourceVersion "1"]
[SourceVersionDate "2022.11.30"]
[SourceQuality "1"]

1. Nf3 c5 2. g3 Nc6 3. Bg2 g6 4. 0-0 Bg7 5. c3 Qb6 6. e4 d6 7. d3 Nf6 8. Na3 0-0 9. h3 Qc7 10. Re1 b6 11. d4 e5 12. dxc5 dxc5 13. Nc4 Rd8 14. Qc2 Ba6 15. Bf1 Bb7 16. Bg2 h6 17. a4 Rd7 18. Nh2 Rad8 19. Ng4 Nxg4 20. hxg4 Ne7 21. g5 h5 22. Bh3 Ba6 23. Bxd7 Qxd7 24. b3 h4 25. Kg2 Bc8 26. Rh1 hxg3 27. fxg3 Bb7 28. Re1 Nf5 29. Qe2 Qd3 30. Qxd3 Rxd3 31. g4 Nh4+ 32. Kf2 Rf3+ 33. Ke2 Rxc3 34. Bb2 Rxb3 35. Bxe5 Ba6 36. Bxg7 Bxc4+ 37. Kd2 Nf3+ 38. Kc2 Nxe1+ 39. Rxe1 Kxg7 0-1

[Event "Santiago de Compostela Bicapawn GP B3"]
[Site "Santiago de Compostela"]
[Date "2022.10.20"]
[Round "8"]
[White "Gonzalez Perez, Arian"]
[Black "Komljenovic, Davorin"]
[Result "1-0"]
[WhiteElo "2400"]
[BlackElo "2340"]
[PlyCount "147"]
[EventDate "2022.10.20"]
[EventType "swiss (blitz)"]
[EventRounds "9"]
[EventCountry "ESP"]
[SourceTitle "CBM 210 Extra"]
[Source "ChessBase"]
[SourceDate "2022.11.30"]
[SourceVersion "1"]
[SourceVersionDate "2022.11.30"]
[SourceQuality "1"]

1. d4 Nf6 2. c4 e6 3. Nf3 d5 4. cxd5 exd5 5. Nc3 c6 6. Qc2 Bd6 7. Bg5 Nbd7 8. e3 0-0 9. Bd3 h6 10. Bh4 Re8 11. 0-0 Nf8 12. Rab1 a5 13. a3 Bg4 14. Nd2 Bh5 15. Bg3 Bg6 16. b4 axb4 17. axb4 Bxg3 18. hxg3 b5 19. Nb3 N6d7 20. Ne2 Bxd3 21. Qxd3 Nb6 22. Nc5 Nc4 23. Ra1 Qg5 24. Nf4 Qf6 25. Qc3 Ne6 26. Nfxe6 fxe6 27. Rxa8 Rxa8 28. Ra1 Rf8 29. Ra2 Rf7 30. Qd3 e5 31. Ra8+ Rf8 32. Rxf8+ Qxf8 33. Qg6 exd4 34. exd4 Qf6 35. Qxf6 gxf6 36. Nd7 Kf7 37. Nb8 Na3 38. Nxc6 Nc2 39. Kf1 Ke6 40. Ke2 Kd6 41. Kd2 Na3 42. Nd8 Nc4+ 43. Kc3 Ke7 44. Nc6+ Kd6 45. Na5 Nb6 46. Nb3 Nc4 47. Nc5 Nb6 48. Nd3 Nc4 49. Nf4 Nb6 50. Nh5 Ke6 51. g4 Nc4 52. Nf4+ Kd6 53. g3 Kc6 54. Ng6 Nd6 55. f3 Nc4 56. Nh4 Ne3 57. Nf5 Nxf5 58. gxf5 Kd6 59. Kd3 Ke7 60. Ke3 Kf7 61. Kf2 Kg7 62. Kg2 Kh7 63. Kh3 Kg7 64. Kh4 Kh7 65. Kh5 Kg7 66. f4 Kh7 67. g4 Kg7 68. g5 hxg5 69. fxg5 fxg5 70. Kxg5 Kf7 71. f6 Kf8 72. Kf5 Kf7 73. Ke5 Kf8 74. Kxd5 1-0

[Event "Santiago de Compostela Bicapawn GP B1"]
[Site "Santiago de Compostela"]
[Date "2022.10.19"]
[Round "7"]
[White "Komljenovic, Davorin"]
[Black "Betanzos Jamardo, Adrian"]
[Result "1-0"]
[WhiteElo "2340"]
[BlackElo "1765"]
[PlyCount "55"]
[EventDate "2022.10.19"]
[EventType "swiss (blitz)"]
[EventRounds "9"]
[EventCountry "ESP"]
[SourceTitle "EXT 2024"]
[Source "ChessBase"]
[SourceDate "2023.10.10"]
[SourceVersion "1"]
[SourceVersionDate "2023.10.10"]
[SourceQuality "1"]

1. Nf3 Nf6 2. b3 d6 3. d4 c6 4. Bb2 Bg4 5. e3 Nbd7 6. Be2 g6 7. 0-0 Bg7 8. c4 0-0 9. h3 Bxf3 10. Bxf3 e5 11. dxe5 dxe5 12. Nd2 Qc7 13. Qc2 Rfe8 14. g3 Rad8 15. Rfd1 Nc5 16. b4 Nd3 17. Rab1 e4 18. Nxe4 Nxb2 19. Rxd8 Rxd8 20. Rxb2 Nxe4 21. Bxe4 Bxb2 22. Qxb2 Qd6 23. b5 Re8 24. Bf3 Qe6 25. bxc6 bxc6 26. Qb7 Qxc4 27. Bxc6 Qxa2 28. Bxe8 1-0

[Event "Wch Seniors 65 27th"]
[Site "Acqui Terme"]
[Date "2017.11.16"]
[Round "9"]
[White "Komljenovic, Davorin"]
[Black "Frick, Christoph"]
[Result "0-1"]
[WhiteElo "2379"]
[BlackElo "2230"]
[PlyCount "70"]
[EventDate "2017.11.07"]
[EventType "swiss"]
[EventRounds "11"]
[EventCountry "ITA"]
[SourceTitle "CBM 181 Extra"]
[Source "ChessBase"]
[SourceDate "2017.12.12"]
[SourceVersion "1"]
[SourceVersionDate "2017.12.12"]
[SourceQuality "1"]

1. d4 d5 2. c4 c6 3. Nf3 Nf6 4. Nc3 dxc4 5. a4 Bf5 6. Ne5 Nbd7 7. Nxc4 Nb6 8. Ne5 a5 9. f3 Nfd7 10. Nd3 Bxd3 11. Qxd3 e5 12. dxe5 Nxe5 13. Qe4 Qe7 14. Be3 Nbc4 15. Bd4 f6 16. 0-0-0 Qb4 17. Qc2 Bc5 18. Na2 Qb6 19. e3 Bxd4 20. exd4 Ne3 21. Qe2 Nxd1 22. dxe5 0-0-0 23. g3 Nf2 24. exf6 Rhe8 25. Qc4 gxf6 26. Rg1 Nd3+ 27. Bxd3 Qxg1+ 28. Kc2 Qxh2+ 29. Kb3 Qxg3 30. Bxh7 Qxf3+ 31. Nc3 Re3 32. Ka3 f5 33. Qc5 Rd5 34. Qf8+ Kc7 35. Bg8 Rxc3+ 0-1

[Event "Wch Seniors 65 27th"]
[Site "Acqui Terme"]
[Date "2017.11.11"]
[Round "5"]
[White "Komljenovic, Davorin"]
[Black "Gutkin, Boris"]
[Result "0-1"]
[WhiteElo "2379"]
[BlackElo "2250"]
[PlyCount "104"]
[EventDate "2017.11.07"]
[EventType "swiss"]
[EventRounds "11"]
[EventCountry "ITA"]
[SourceTitle "CBM 181 Extra"]
[Source "ChessBase"]
[SourceDate "2017.12.12"]
[SourceVersion "1"]
[SourceVersionDate "2017.12.12"]
[SourceQuality "1"]

1. Nf3 Nf6 2. g3 g6 3. b3 Bg7 4. Bb2 d6 5. d4 0-0 6. Bg2 Nc6 7. d5 Nb4 8. c4 a5 9. a3 Na6 10. Nd4 Bd7 11. Nc3 Qc8 12. h3 Nc5 13. b4 axb4 14. axb4 Rxa1 15. Qxa1 Na6 16. Qa5 c5 17. dxc6 bxc6 18. b5 cxb5 19. cxb5 Nb8 20. Qb6 d5 21. Bxd5 Bxh3 22. Bf3 e5 23. Nc6 Nxc6 24. Qxc6 Qf5 25. Ne4 Rc8 26. Nxf6+ Bxf6 27. Qe4 Rc2 28. Ba3 Rc3 29. Bb4 Qxe4 30. Bxe4 Rc4 31. Bd2 Rxe4 32. Rxh3 Ra4 33. Kd1 e4 34. Be3 Rb4 35. b6 Bd8 36. Kd2 Bxb6 37. Bxb6 Rxb6 38. Ke3 f5 39. f3 Rb3+ 40. Kf4 Rb4 41. fxe4 Rxe4+ 42. Kf3 Kg7 43. Rh1 h5 44. Ra1 Kf6 45. Ra8 Kg5 46. Rg8 Ra4 47. Rg7 Ra3+ 48. Kf2 Ra6 49. Kf3 Ra3+ 50. Kf2 Ra4 51. Kf3 f4 52. Rf7 Ra3+ 0-1

[Event "Collado Villalba Madrid CA 1st"]
[Site "Collado Villalba"]
[Date "2017.03.24"]
[Round "5"]
[White "Komljenovic, Davorin"]
[Black "Plazuelo Pascual, Juan"]
[Result "1/2-1/2"]
[WhiteElo "2373"]
[BlackElo "2328"]
[PlyCount "48"]
[EventDate "2017.03.20"]
[EventType "tourn"]
[EventRounds "9"]
[EventCountry "ESP"]
[EventCategory "2"]
[SourceTitle "EXT 2018"]
[Source "ChessBase"]
[SourceDate "2017.10.13"]
[SourceVersion "1"]
[SourceVersionDate "2017.10.13"]
[SourceQuality "1"]

1. d4 Nf6 2. c4 b6 3. Nc3 Bb7 4. Nf3 e6 5. a3 d5 6. Bg5 Be7 7. Bxf6 Bxf6 8. cxd5 exd5 9. b4 0-0 10. e3 c6 11. Qc2 a5 12. b5 c5 13. Rd1 Nd7 14. Bd3 g6 15. 0-0 Rc8 16. Rd2 c4 17. Be2 Be7 18. Ra1 Bd6 19. Bf1 Qe7 20. Qa2 f5 21. g3 Nf6 22. Bg2 Ne4 23. Rc2 Rfe8 24. Na4 Qc7 1/2-1/2

[Event "Seville op 42nd"]
[Site "Seville"]
[Date "2017.01.20"]
[Round "8"]
[White "Rodriguez Perez, Angel Mariano"]
[Black "Komljenovic, Davorin"]
[Result "1-0"]
[WhiteElo "2239"]
[BlackElo "2383"]
[PlyCount "25"]
[EventDate "2017.01.13"]
[EventType "swiss"]
[EventRounds "9"]
[EventCountry "ESP"]
[SourceTitle "EXT 2019"]
[Source "ChessBase"]
[SourceDate "2018.10.10"]
[SourceVersion "1"]
[SourceVersionDate "2018.10.10"]
[SourceQuality "1"]

1. e4 c5 2. Nc3 Nc6 3. Bb5 Nd4 4. Bc4 e6 5. Nge2 Nxe2 6. Qxe2 Ne7 7. d3 Nc6 8. a4 b6 9. 0-0 Bb7 10. f4 Nd4 11. Qf2 Be7 12. Be3 d5 13. Ba2 1-0

[Event "Wch Seniors 65 26th"]
[Site "Marianske Lazne"]
[Date "2016.11.26"]
[Round "7"]
[White "Khanukov, Boris"]
[Black "Komljenovic, Davorin"]
[Result "0-1"]
[WhiteElo "2320"]
[BlackElo "2375"]
[PlyCount "110"]
[EventDate "2016.11.19"]
[EventType "swiss"]
[EventRounds "11"]
[EventCountry "CZE"]
[SourceTitle "CBM 175 Extra"]
[Source "ChessBase"]
[SourceDate "2016.12.12"]
[SourceVersion "1"]
[SourceVersionDate "2016.12.12"]
[SourceQuality "1"]

1. d4 d6 2. Nf3 g6 3. g3 Bg7 4. Bg2 Nf6 5. 0-0 0-0 6. c4 Nc6 7. Nc3 Bf5 8. Nh4 Bd7 9. e4 e5 10. d5 Nd4 11. h3 c5 12. Kh2 a6 13. a4 Nh5 14. Nf3 Rb8 15. a5 b5 16. axb6 Rxb6 17. Ra3 Qe7 18. Qd3 Rfb8 19. Nxd4 exd4 20. Ne2 f5 21. Nf4 Nxf4 22. Bxf4 Rxb2 23. Rxa6 Be5 24. Bxe5 Qxe5 25. Ra3 f4 26. Qf3 Rf8 27. g4 Rc2 28. Kg1 Rxc4 29. Rb1 Kg7 30. Qd3 Rc3 31. Rxc3 dxc3 32. Rc1 Ra8 33. Rxc3 Ra1+ 34. Bf1 Kf6 35. Rb3 Qd4 36. Qxd4+ cxd4 37. Kg2 Ba4 38. Rb7 f3+ 39. Kxf3 Rxf1 40. Rxh7 Re1 41. h4 g5 42. hxg5+ Kxg5 43. Kg3 Rg1+ 44. Kh2 Rxg4 45. Ra7 Bc2 46. f3 Rf4 47. Rg7+ Kh6 48. Rg2 d3 49. Kg3 Rf8 50. Rd2 Kg5 51. Rh2 Bd1 52. Rf2 Be2 53. f4+ Kf6 54. e5+ Kf5 55. e6 Rg8+ 0-1

[Event "Wch Seniors 65 26th"]
[Site "Marianske Lazne"]
[Date "2016.11.22"]
[Round "4"]
[White "Komljenovic, Davorin"]
[Black "Pushkov, Nikolai"]
[Result "1/2-1/2"]
[WhiteElo "2375"]
[BlackElo "2325"]
[PlyCount "61"]
[EventDate "2016.11.19"]
[EventType "swiss"]
[EventRounds "11"]
[EventCountry "CZE"]
[SourceTitle "CBM 175 Extra"]
[Source "ChessBase"]
[SourceDate "2016.12.12"]
[SourceVersion "1"]
[SourceVersionDate "2016.12.12"]
[SourceQuality "1"]

1. Nf3 d5 2. g3 c6 3. Bg2 Bg4 4. h3 Bxf3 5. Bxf3 Nd7 6. d3 Ngf6 7. 0-0 e6 8. Bg2 Bc5 9. c3 a5 10. a4 0-0 11. Nd2 Qe7 12. e4 dxe4 13. Nxe4 Nxe4 14. Bxe4 Nf6 15. Bg2 Rfd8 16. Qf3 Qd7 17. d4 Be7 18. Rd1 Nd5 19. Bd2 Qc7 20. Qe2 Rd7 21. Be1 Rb8 22. c4 Nb4 23. d5 cxd5 24. Bxb4 Bxb4 25. cxd5 exd5 26. Bxd5 Re7 27. Qf3 Qe5 28. b3 g6 29. Rac1 Kg7 30. Bc4 Qf6 31. Qxf6+ 1/2-1/2

[Event "Seville op 41st"]
[Site "Seville"]
[Date "2016.01.14"]
[Round "7"]
[White "Komljenovic, Davorin"]
[Black "Vorobiov, Evgeny E"]
[Result "0-1"]
[WhiteElo "2394"]
[BlackElo "2572"]
[PlyCount "76"]
[EventDate "2016.01.08"]
[EventType "swiss"]
[EventRounds "9"]
[EventCountry "ESP"]
[SourceTitle "CBM 170 Extra"]
[Source "ChessBase"]
[SourceDate "2016.02.25"]
[SourceVersion "1"]
[SourceVersionDate "2016.02.25"]
[SourceQuality "1"]

1. Nf3 Nf6 2. b3 d6 3. g3 e5 4. Bg2 g6 5. c4 Bg7 6. Nc3 0-0 7. Bb2 Re8 8. 0-0 Na6 9. d3 c6 10. e4 Qc7 11. a3 Nc5 12. b4 Ne6 13. Qb3 h6 14. Kh1 Nh7 15. Ne2 a5 16. d4 axb4 17. axb4 Rxa1 18. Bxa1 Nhg5 19. d5 Nxf3 20. Bxf3 Nd4 21. Nxd4 exd4 22. Rd1 Qb6 23. Qa3 c5 24. bxc5 dxc5 25. Bg2 f5 26. Qd3 Qf6 27. f3 h5 28. Bb2 h4 29. f4 h3 30. Bf3 fxe4 31. Bxe4 Bg4 32. Rf1 Qe7 33. Bf3 Bxf3+ 34. Qxf3 Qe2 35. Qxe2 Rxe2 36. Bc1 d3 37. d6 d2 38. d7 Bf6 0-1

[Event "Seville op 41st"]
[Site "Seville"]
[Date "2016.01.09"]
[Round "2"]
[White "Rios Gallardo, Guillermo"]
[Black "Komljenovic, Davorin"]
[Result "0-1"]
[WhiteElo "1980"]
[BlackElo "2394"]
[PlyCount "61"]
[EventDate "2016.01.08"]
[EventType "swiss"]
[EventRounds "9"]
[EventCountry "ESP"]
[SourceTitle "CBM 170 Extra"]
[Source "ChessBase"]
[SourceDate "2016.02.25"]
[SourceVersion "1"]
[SourceVersionDate "2016.02.25"]
[SourceQuality "1"]

1. e4 c5 2. d4 cxd4 3. c3 dxc3 4. Nxc3 e6 5. Nf3 a6 6. Bf4 Nc6 7. Bd3 d6 8. 0-0 Be7 9. Rc1 Nf6 10. Qe2 0-0 11. Rfd1 e5 12. Bg5 Bg4 13. Qe3 Nd4 14. Nxd4 exd4 15. Qxd4 Bxd1 16. Rxd1 Qa5 17. Bf4 Rfd8 18. Bc4 Qc5 19. Qd3 Rac8 20. Bd5 Nxd5 21. Nxd5 Bf8 22. h4 Qc2 23. Qf3 Re8 24. Re1 Qxb2 25. h5 f5 26. h6 fxe4 27. Qg4 Kh8 28. Qf5 Kg8 29. Qg4 Rc5 30. Qd7 Qb4 31. Nf6+ 0-1

[Event "Alcossebre"]
[Site "Alcossebre"]
[Date "2015.12.18"]
[Round "6"]
[White "Komljenovic, Davorin"]
[Black "Diaz Velandia, Jose Manuel"]
[Result "0-1"]
[WhiteElo "2413"]
[BlackElo "2308"]
[PlyCount "92"]
[EventDate "2015.12.16"]
[EventType "tourn"]
[EventRounds "9"]
[EventCountry "ESP"]
[EventCategory "3"]
[SourceTitle "EXT 2017"]
[Source "ChessBase"]
[SourceDate "2016.10.25"]
[SourceVersion "1"]
[SourceVersionDate "2016.10.25"]
[SourceQuality "1"]

1. c4 c5 2. Nf3 Nf6 3. Nc3 g6 4. d4 cxd4 5. Nxd4 Bg7 6. e4 0-0 7. Be3 Nc6 8. Be2 d6 9. Qd2 Ng4 10. Bxg4 Bxg4 11. 0-0 Rc8 12. b3 Qa5 13. f3 Bd7 14. Rad1 Nxd4 15. Bxd4 Bxd4+ 16. Qxd4 Qc5 17. Nd5 Rfe8 18. f4 b5 19. cxb5 Bxb5 20. Rfe1 Kf8 21. a4 Bd7 22. Kf2 Be6 23. b4 Qxd4+ 24. Rxd4 Bxd5 25. Rxd5 Rc4 26. Rb5 Rec8 27. Rb7 a5 28. bxa5 Rxa4 29. Ra7 Rc2+ 30. Re2 Rxe2+ 31. Kxe2 Rxe4+ 32. Kd3 Rxf4 33. Kc3 Rf2 34. a6 Ra2 35. Kb3 Ra1 36. Kc4 e5 37. Kd5 Ra4 38. Kxd6 e4 39. Ra8+ Kg7 40. Kc6 e3 41. Kb5 Re4 42. a7 Re5+ 43. Kb6 e2 44. Rc8 e1Q 45. a8Q Qb4+ 46. Kc7 Rc5+ 0-1

[Event "Alcossebre"]
[Site "Alcossebre"]
[Date "2015.12.17"]
[Round "3"]
[White "Garcia, Jhoel"]
[Black "Komljenovic, Davorin"]
[Result "0-1"]
[WhiteElo "2360"]
[BlackElo "2413"]
[PlyCount "122"]
[EventDate "2015.12.16"]
[EventType "tourn"]
[EventRounds "9"]
[EventCountry "ESP"]
[EventCategory "3"]
[SourceTitle "EXT 2017"]
[Source "ChessBase"]
[SourceDate "2016.10.25"]
[SourceVersion "1"]
[SourceVersionDate "2016.10.25"]
[SourceQuality "1"]

1. e4 c5 2. Nf3 Nc6 3. d4 cxd4 4. Nxd4 g6 5. c4 Bg7 6. Nc2 b6 7. Nc3 Bxc3+ 8. bxc3 Nf6 9. f3 Qc7 10. Ne3 Na5 11. Qd4 e5 12. Qd3 Ba6 13. Ba3 Nb7 14. Be2 d6 15. Rd1 Rd8 16. 0-0 0-0 17. Nc2 Nc5 18. Qd2 Nb7 19. Qd3 Nh5 20. g3 Rc8 21. Ne3 Rfd8 22. f4 Nf6 23. Qc2 Kg7 24. Rf3 Nc5 25. Rdf1 Ncxe4 26. g4 Bb7 27. g5 Nh5 28. Nd5 Bxd5 29. cxd5 f5 30. gxf6+ Nexf6 31. fxe5 dxe5 32. c4 Nf4 33. Bb2 Re8 34. Qd2 g5 35. Kh1 h6 36. Re3 Rcd8 37. Qc3 b5 38. d6 Qxd6 39. c5 Qd2 40. Rxe5 Qxc3 41. Bxc3 Rxe5 42. Bxe5 Re8 43. Bxf6+ Kxf6 44. Bxb5 Re5 45. Rc1 Ne6 46. a4 Rxc5 47. Rd1 Ke5 48. Re1+ Kd6 49. Rf1 h5 50. Rf7 Rc7 51. Rf5 h4 52. Kg2 g4 53. Rf2 Rc3 54. Rd2+ Ke5 55. Bd7 Nf4+ 56. Kg1 g3 57. hxg3 hxg3 58. Bg4 Ra3 59. Bd1 Ra1 60. Kf1 Nd5 61. Re2+ Kf4 0-1

[Event "Benasque op 34th"]
[Site "Benasque"]
[Date "2014.07.05"]
[Round "2"]
[White "Sandipan, Chanda"]
[Black "Komljenovic, Davorin"]
[Result "1-0"]
[WhiteElo "2597"]
[BlackElo "2405"]
[PlyCount "65"]
[EventDate "2014.07.04"]
[EventType "swiss"]
[EventRounds "9"]
[EventCountry "ESP"]
[SourceTitle "CBM 161 Extra"]
[Source "ChessBase"]
[SourceDate "2014.08.29"]
[SourceVersion "1"]
[SourceVersionDate "2014.08.29"]
[SourceQuality "1"]

1. d4 d5 2. Bf4 c6 3. e3 Qb6 4. Qc1 Nf6 5. Bd3 Nh5 6. Bg5 h6 7. Bh4 Nd7 8. Nd2 g5 9. Bg3 Nxg3 10. hxg3 e5 11. dxe5 Nxe5 12. Ngf3 Nxd3+ 13. cxd3 Bg7 14. d4 Bf5 15. Nb3 Qb4+ 16. Qd2 a5 17. Rc1 0-0 18. Rc3 a4 19. Nc1 Rfc8 20. Nd3 Qb5 21. Nfe5 c5 22. dxc5 Bxd3 23. Nxd3 d4 24. exd4 Re8+ 25. Kd1 Bxd4 26. Rxh6 Rad8 27. Rb6 Qa5 28. Rc2 Qa8 29. Qxg5+ Bg7 30. Rd6 Qa5 31. Re2 Rf8 32. Qd2 Qb5 33. Qb4 1-0

[Event "Navalmoral op 18th"]
[Site "Navalmoral"]
[Date "2012.12.06"]
[Round "2"]
[White "Komljenovic, Davorin"]
[Black "Peralta, Fernando"]
[Result "0-1"]
[WhiteElo "2409"]
[BlackElo "2612"]
[PlyCount "56"]
[EventDate "2012.12.05"]
[EventType "swiss"]
[EventRounds "9"]
[EventCountry "ESP"]
[SourceTitle "CBM 151 Extra"]
[Source "ChessBase"]
[SourceDate "2012.12.18"]
[SourceVersion "1"]
[SourceVersionDate "2012.12.18"]
[SourceQuality "1"]

1. d4 Nf6 2. c4 e6 3. Nc3 Bb4 4. Qc2 d5 5. cxd5 exd5 6. Bg5 c5 7. Nf3 h6 8. Bxf6 Qxf6 9. a3 Bxc3+ 10. Qxc3 Nd7 11. g3 0-0 12. Bg2 Re8 13. e3 b6 14. 0-0 Bb7 15. Rfc1 Qe7 16. dxc5 bxc5 17. b4 c4 18. Rd1 Nf6 19. Qd4 a5 20. b5 a4 21. Nd2 Rad8 22. Nb1 Ne4 23. Nc3 Nc5 24. Nxd5 Bxd5 25. Bxd5 Nb3 26. Qxc4 Nxa1 27. Rxa1 Kf8 28. Bc6 Qf6 0-1